Drapeaux de Pays avec deux couleurs interverties - Statistiques

Statistiques générales
  • Ce quiz a été pris 23 fois
    12 depuis la dernière actualisation
  • Le résultat moyen est 14 sur 16
Statistiques - réponses
Par images Réponse % Correct
Belgique
100%
Arabie Saoudite
91%
Bangladesh
91%
Cap Vert
91%
Espagne
91%
Etats-Unis
91%
Qatar
91%
Bhoutan
82%
Botswana
82%
Guatemala
82%
Indonesie
82%
Islande
82%
Niger
82%
Koweït
73%
Laos
73%
Myanmar
73%
Aucun quiz correspondant
Distribution des résultats
% des personnes avec chaque résultat
Percentile par nombre de réponses
Votre historique - résultats
Vous n’avez pas pris ce quiz depuis la dernière actualisation